Big science : The growth of large-scale research

This book is the first effort to examine the changing nature of research in the physical sciences since World War II - from individuals or small groups to the gigantic team efforts of hundreds of scientists.

Guardat en:
Dades bibliogràfiques
Autor principal: Galison, Peter
Format: Llibre
Idioma:Undetermined
Publicat: Stanford Stanford University Press 1992
Matèries:
Etiquetes: Afegir etiqueta
Sense etiquetes, Sigues el primer a etiquetar aquest registre!
Thư viện lưu trữ: Trung tâm Học liệu Trường Đại học Cần Thơ
LEADER 00768nam a2200217Ia 4500
001 CTU_97917
008 210402s9999 xx 000 0 und d
082 |a 507.2 
082 |b G156 
100 |a Galison, Peter 
245 0 |a Big science : 
245 4 |b The growth of large-scale research 
245 0 |c Peter Galison, Bruce Hevly 
260 |a Stanford 
260 |b Stanford University Press 
260 |c 1992 
520 |a This book is the first effort to examine the changing nature of research in the physical sciences since World War II - from individuals or small groups to the gigantic team efforts of hundreds of scientists. 
650 |a Research 
650 |x History 
904 |i Hiếu 
980 |a Trung tâm Học liệu Trường Đại học Cần Thơ